Maggiori produttori di vino in Europa - Statistics

Statistiche generali
  • Questo quiz è stato fatto 71 volte
  • Il punteggio medio è 10 su 11
Statistiche sulle risposte
PRODUZIONE RISPOSTE % Corretto
4,293,466 Francia
100%
4,107,370 Italia
100%
3,200,000 Spagna
100%
840,900 Germania
97%
311,530 Grecia
95%
630,800 Portogallo
94%
239,195 Austria
82%
130,500 Bulgaria
80%
261,800 Ungheria
77%
230,580 Serbia
73%
168,247 Ucraina
71%
Nessun quiz corrispondente trovato
Distribuzione punteggi
Percentuale di utenti per punteggio
Percentile per numero di risposta
I tuoi punteggi nel tempo
Non hai fatto questo quiz